Mass media.02/03

محفوظ في:
التفاصيل البيبلوغرافية
التنسيق: كتاب
اللغة:Undetermined
منشور في: Guilford, Conn. Dushkin Pub. Group. 2002
الموضوعات:
الوسوم: إضافة وسم
لا توجد وسوم, كن أول من يضع وسما على هذه التسجيلة!
Thư viện lưu trữ: Trung tâm Học liệu Trường Đại học Cần Thơ
LEADER 00443nam a2200169Ia 4500
001 CTU_109586
008 210402s9999 xx 000 0 und d
082 |a 302.230973 
082 |b M414 
245 0 |a Mass media.02/03 
260 |a Guilford, Conn. 
260 |b Dushkin Pub. Group. 
260 |c 2002 
650 |a Mass media 
650 |z United states 
904 |i Năm, Q. Hieu 
980 |a Trung tâm Học liệu Trường Đại học Cần Thơ